Order statistics

Gespeichert in:
Bibliographische Detailangaben
1. Verfasser: David, Herbert Aron
Weitere Verfasser: Nagaraja, Haikady Navada
Format: Buch
Sprache:Englisch
Veröffentlicht: Hoboken John Wiley & Sons 2003
Ausgabe:3rd ed.
Schriftenreihe:Wiley series in probability and statistics
Schlagworte:
Tags: Tag hinzufügen
Keine Tags, Fügen Sie das erste Tag hinzu!

MARC

LEADER 00000nam$a2200000$$$4500
001 0031712
005 20240306135315.0
020 |a 0-471-38926-9 
041 0 |a eng 
044 |a US 
245 1 0 |a Order statistics  |c H.A. David, H.N. Nagaraja 
250 |a 3rd ed. 
264 1 |a Hoboken  |b John Wiley & Sons  |c 2003 
300 |a xv, 458 s. 
490 1 |a Wiley series in probability and statistics 
830 0 |a Wiley series in probability and statistics 
610 2 0 |a štatistika 
610 2 0 |a teória štatistiky 
610 2 0 |a kombinatorika 
610 2 0 |a metódy matematicko-štatistické 
100 1 |a David, Herbert Aron 
700 1 |a Nagaraja, Haikady Navada